00497 2200193 4500245005200000020002300052250001100075100002000086100002400106700001900130700001700149650002200166005001900188260003600207041001400243084001100257300002600268336000900294 aTeknik Pemuliaan TanamancMuhammad SyukurhText a978-9797-002-549-3 aCet. 1 aMuhammad Syukur aSriani Sujiprihatin aRahmi Yunianti aSony Nugroho aPemuliaan Tanaman a20230214132639 aJakartabPenerbar Swadayac2012 aIndonesia a631.53 aiv, 348 hlm. :cilus. atext